000 00416nam a22001457a 4500
005 20160406091437.0
008 160406b xxu||||| |||| 00| 0 eng d
050 _aPN3171.S468
100 _aSelman, Jan
_923555
245 _aTheatre for education and change
_cby Selman, Jan
260 _aAlberta
_bAADAC
_cno date
300 _a48p.;
_c22cm.
650 _aDrama in education
_916351
942 _2lcc
_cMONOGRAPH
999 _c124532
_d124532